000 00848nam a2200253Ia 4500
003 OSt
005 20221005112506.0
006 a|||||r|||| 00| 0
007 ta
008 221004b |||||||| |||| 00| 0 pan d
020 _a978935068 (hbk)
_c150
024 _a13953
037 _b871, 14/08/2014, H.K. Prakashan
_cTextual
040 _aCRL
_cCRL
_bpan
041 _2pan
_apan
082 _aO153,1NSO2x, Q3
100 _aਸੋਢੀ, ਪਰਮਿੰਦਰ
245 0 _aਪਲ ਛਿਣ ਜੀਣਾ
260 _aਚੰਡੀਗੜ
_bਲੋਕਗੀਤ ਪ੍ਰਕਾFਨ ਭਾਰਤ
_c2013
300 _a100ਪੰ
_ccm.
650 _aਪੰਜਾਬੀ ਸਾਹਿਤ
942 _hO153,1NSO2x, Q3
_cTEXL
_2cc
999 _c1025045
_d1025045